Australia National Football Team - Statistics

General Stats
  • This quiz has been taken 104 times
    48 since last reset
  • The average score is 5 of 20
Answer Stats
Goals Caps Player % Correct
50 108 Tim Cahill
97%
0 109 Mark Schwarzer
66%
0 101 Mathew Ryan
63%
20 79 Mile Jedinak
47%
1 96 Lucas Neill
34%
20 95 Brett Emerton
29%
14 80 Jackson Irvine
29%
13 84 Mark Bresciano
29%
28 54 Archie Thompson
26%
3 81 Aziz Behich
21%
27 55 John Aloisi
18%
6 80 Mark Milligan
13%
29 45 Damian Mori
11%
2 87 Alex Tobin
8%
20 31 David Zdrilic
8%
8 80 Luke Wilkshire
8%
25 61 Attila Abonyi
5%
25 60 John Kosmina
5%
19 56 Graham Arnold
3%
10 84 Paul Wade
3%
No matching quizzes found
Score Distribution
Percent of People with Each Score
Percentile by Number Answered
Your Score History
You have not taken this quiz since the last reset